|
|
|
|
| LEADER |
00000nab a2200000 ar4500 |
| 001 |
vtls008425932 |
| 003 |
SK-MaSNL |
| 005 |
20260304041231.0 |
| 008 |
060124c2005 xo wr|p|||||||000 b|slo |
| 015 |
|
|
|a SNBRB2006/01
|2 snkbucl
|
| 040 |
|
|
|a SNKBUCL
|b slo
|c SNKBUCL
|e AACR2
|
| 041 |
0 |
|
|a slo
|
| 044 |
|
|
|a xo
|c SK
|
| 080 |
|
|
|a 322.24
|x (44)
|x (091)
|2 1997
|
| 100 |
1 |
|
|a Havran, Michal,
|d 1973-
|4 aut
|9 116991
|
| 245 |
1 |
0 |
|a Francúzsky štát sto rokov od cirkvi
|c Michal Havran ml.
|
| 300 |
|
|
|b Fotogr.
|
| 650 |
0 |
7 |
|a odluka cirkvi od štátu
|2 snkbucl
|9 25662
|
| 650 |
0 |
7 |
|a dejiny
|2 snkbucl
|9 3825
|
| 651 |
|
7 |
|a Francúzsko
|2 snkbucl
|9 15907
|
| 773 |
0 |
|
|t Domino fórum
|g Roč. XIV, č. 50 (2005), s. 10
|x 1335-4426
|
| 852 |
|
|
|a SNK
|b KIS3GCP
|
| 958 |
|
|
|a FR
|
| 999 |
|
|
|c 2667331
|d 2669261
|